00464nam a2200181 a 4500001001300000003000900013005001700022008004100039020002300080082001300103100001800116245002900134260004300163300000900206500003500215650001400250700001800264nice12345678IN_TiNIC20260116014027.0070413s2004 lona grp 000 0 eng  a0415244277 c30000a301bWHI aWhimster, Sam aEssential Weber a Reader aLondon bRoutledge Chapman Hall c2004 a422p aincludes index and biblioraphy aSociology1 aWhimster, Sam